banner-ar

اعداد برامج طفل الروضة / (Record no. 62444)

MARC details
000 -الفاتح
حقل البيانات ثابتة الطول 00696nam a2200229 4500
005 - وقت وتاريخ اخر تعامل مع التسجيلة
رقم الضبط 20240530110550.0
008 - عناصر البيانات ثابتة الطول - معلومات عامة
حقل البيانات ثابتة الطول 160702s2014 ua ||||g b 00| 0 ara d
017 ## - رقم الايداع القانونى
رقم الايداع القانونى 2013/17059
020 ## - الرقم الدولى المعيارى للكتب
الرقم الدولى المعيارى للكتاب 9772329359
040 ## - مصدر الفهرسة
وكالة الفهرسة الأصلية EG-CaGPL
082 04 - رقم تصنيف ديوى العشرى
رقم التصنيف 372.218/
رقم المادة ا ا
رقم الطبعة 21
100 0# - المدخل الرئيسى - إسم شخصى
الإسم الشخصى امل خلف
245 10 - بيان العنوان
العنوان اعداد برامج طفل الروضة /
بيان المسئوليه,etc امل خلف.
250 ## - بيان الطبعة
بيان الطبعة ط .1.
260 ## - PUBLICATION, DISTRIBUTION, ETC. (IMPRINT)
تاريخ النشر أو التوزيع 2014.
300 ## - الوصف المادى
التعداد 233 ص. ؛
أبعاد الوعاء 24 سم.
504 ## - تبصرة ببليوجرافية
تبصرة ببليوجرافية,الخ ببيلوجرافية : ص. 221-226.
650 04 - المدخل الاضافى بالموضوع-مصطلح موضوعى
مصطلح موضوعي رياض الاطفال
650 04 - المدخل الاضافى بالموضوع-مصطلح موضوعى
مصطلح موضوعي تعليم الاطفال
942 ## - عناصر المدخل الإضافي( كوها)
مصدر التصنيف او مخطط الترفيف Dewey Decimal Classification
Koha [default] item type كتاب
260 ## - PUBLICATION, DISTRIBUTION, ETC. (IMPRINT)
-- القاهرة :
-- عالم الكتب،
Holdings
حالة التراجع حالة الفقد حالة تلف ليس للاعارة المكان المؤقت الموقع الحالى تاريخ الاكتساب اجمالي اﻻعارات رقم الطلب الباركود تاريخ اخر مشاهدة تاريخ تفعيل السعر نوع وعاء كوها
        مكتبة القاهرة الكبرى مكتبة القاهرة الكبرى 07/02/2016   372.218/ ا ا 162174 07/02/2016 07/02/2016 كتاب

Powered By

EGPV